000
00265nam a2200109Ia 4500
008
220204s9999 xx 000 0 und d
082
_a
061 H
_b
CAR
100
_a
Carmel, James H
245
0
_a
Exhibition techniques
260
_a
New York
_b
Reinhold
_c
1963
942
_c
BK
999
_c
20433
_d
20433